Statistics for Largest Cities in Oceania

Click here to take the quiz!

General Stats

  • This quiz has been taken 1,072 times
    (1,062 since last reset)
  • The average score is 12 of 20

Answer Stats

HintAnswer% Correct
1 AustraliaSydney
99%
2 AustraliaMelbourne
97%
4 AustraliaPerth
96%
17 New ZealandWellington
95%
7 New ZealandAuckland
94%
3 AustraliaBrisbane
89%
9 AustraliaCanberra
84%
5 AustraliaAdelaide
83%
8 New ZealandChristchurch
77%
10 Papa New GuineaPort Moresby
75%
18 East TimorDili
65%
6 AustraliaGold Coast
53%
12 AustraliaNewcastle
39%
19 New ZealandHamilton
27%
14 AustraliaWollongong
24%
20 AustraliaGeelong
22%
16 AustraliaSunshine Coast
21%
11 AustraliaCentral Coast
9%
13 New ZealandNorth Shore
5%
15 New ZealandWaitakere
4%

Score Distribution

Percentile by Number Answered

Percent of People with Each Score

Your Score History

You have not taken this quiz since the last reset